[Event "Championnat de Martinique Fermé 2017"]
[Site "Le Lamentin"]
[Date "2017.05.21"]
[Round "10.4"]
[White "Cesaire-Hierso, Florian"]
[Black "Grange, Julien"]
[Result "0-1"]
[WhiteElo "1777"]
[BlackElo "1892"]
[PlyCount "76"]
[EventDate "2017.??.??"]

1. d4 d5 2. Nd2 Nf6 3. c4 c6 4. Ngf3 Bf5 5. e3 e6 6. c5 b6 7. b4 a5 8. Qa4 b5
9. Qb3 axb4 10. Qxb4 Ra4 11. Qc3 Na6 12. a3 Be7 13. Be2 Nc7 14. O-O O-O 15. Ne5
Qa8 16. Bb2 Rd8 17. f3 Nd7 18. Nd3 Bg5 19. Nb4 Bf6 20. e4 Bg6 21. e5 Be7 22.
Bd3 Qb7 23. Bxg6 hxg6 24. f4 Rda8 25. g4 Na6 26. Nxa6 R8xa6 27. f5 Rxd4 28.
fxe6 fxe6 29. Qf3 Nxe5 30. Qh3 Rd3 31. Nf3 Bxc5+ 32. Kh1 Rxf3 33. Rxf3 Nxf3 34.
Qxf3 Ra4 35. Rf1 Qe7 36. Qg3 Bd6 37. Qc3 Rc4 38. Qf3 Rc2 {Ab} 0-1

[Event "Championnat de Martinique Fermé 2017"]
[Site "Le Lamentin"]
[Date "2017.05.27"]
[Round "10.5"]
[White "Marbot, Raymond"]
[Black "Joachim, Rodny"]
[Result "1-0"]
[WhiteElo "1726"]
[BlackElo "1693"]
[PlyCount "59"]
[EventDate "2017.??.??"]

1. e4 e5 2. Nf3 Nc6 3. Bb5 a6 4. Ba4 b5 5. Bb3 Nf6 6. O-O Bc5 7. c3 d6 8. h3
O-O 9. d4 Bb6 10. Be3 h6 11. Nbd2 Re8 12. Re1 Na5 13. Bc2 c5 14. dxc5 dxc5 15.
Qe2 c4 16. Rad1 Qc7 17. Nf1 Bb7 18. Ng3 Bxe3 19. Qxe3 Rad8 20. Nh4 Bc8 21. Qf3
Nh7 22. Nhf5 Ng5 23. Qh5 Nb7 24. Nxh6+ gxh6 25. Qxh6 Nh7 26. Nh5 f6 27. Re3
Rxd1+ 28. Bxd1 Qe7 29. Rg3+ Kh8 30. Rg7 {Ab} 1-0

[Event "Championnat de Martinique Fermé 2017"]
[Site "Le Lamentin"]
[Date "2017.05.21"]
[Round "10.6"]
[White "Evers, Shaman"]
[Black "Alcindor, Samuel"]
[Result "0-1"]
[WhiteElo "1560"]
[BlackElo "1434"]
[PlyCount "90"]
[EventDate "2017.??.??"]

1. e4 c5 2. Nf3 Nc6 3. d4 cxd4 4. Nxd4 e5 5. Nb5 d6 6. c4 f5 7. exf5 Bxf5 8.
Bd3 Bxd3 9. Qxd3 a6 10. N5c3 Nf6 11. O-O Be7 12. Nd5 O-O 13. Nbc3 Nd7 14. Nxe7+
Qxe7 15. Rd1 Nd4 16. Be3 Nc5 17. Qd2 Nce6 18. Ne2 Nf5 19. a4 Rf6 20. Qd5 Rg6
21. Rd3 Rf8 22. Bb6 Qg5 23. Ng3 Kh8 24. Be3 Nxe3 25. fxe3 Nc5 26. Rc3 h5 27. b4
h4 28. Rf1 Rxf1+ 29. Nxf1 Nxa4 30. Rc2 e4 31. Qxe4 Kh7 32. Qxb7 Qf5 33. Rf2 Qb1
34. b5 Nc5 35. Qc6 Nd3 36. Rd2 axb5 37. cxb5 Ne5 38. Qc2 Nf3+ 39. Kf2 Qe1+ 40.
Kxf3 Qxf1+ 41. Rf2 Qxb5 42. Qe4 Qh5+ 43. g4 hxg3+ 44. Kg2 Qxh2+ 45. Kf1 Qxf2#
0-1

[Event "Championnat de Martinique Fermé 2017"]
[Site "Le Lamentin"]
[Date "2017.05.21"]
[Round "11.1"]
[White "Joachim, Rodny"]
[Black "Midonet, Matthieu"]
[Result "0-1"]
[WhiteElo "1693"]
[BlackElo "2247"]
[PlyCount "88"]
[EventDate "2017.??.??"]

1. e4 c5 2. Nf3 Nc6 3. d4 cxd4 4. Nxd4 e5 5. Nb5 d6 6. N1c3 a6 7. Na3 b5 8. Nd5
Nge7 9. c4 Nd4 10. Be2 Nxd5 11. cxd5 Nxe2 12. Qxe2 Be7 13. O-O O-O 14. Bd2 f5
15. f3 f4 16. b4 Qe8 17. Nc2 Bd8 18. Be1 Ra7 19. Bf2 Raf7 20. Rfc1 g5 21. Nd4
Bd7 22. Ne6 Bxe6 23. dxe6 Qxe6 24. Rc6 g4 25. Qd3 Be7 26. Kh1 Kh8 27. Rxa6 Rg7
28. Qd5 Qg6 29. Qd1 g3 30. Be1 gxh2 31. Qe2 Rfg8 32. Rc1 Qxg2+ 33. Qxg2 Rxg2
34. Ra8 Rxa8 35. Kxg2 Rxa2+ 36. Kh1 Re2 37. Bf2 d5 38. Bc5 dxe4 39. Bxe7 exf3
40. Bh4 Kg7 41. Bf6+ Kg6 42. Bxe5 Rxe5 43. Kxh2 Re4 44. Rc6+ Kf5 0-1

[Event "Championnat de Martinique Fermé 2017"]
[Site "Le Lamentin"]
[Date "2017.05.21"]
[Round "11.2"]
[White "Verneuil, Pascal"]
[Black "Prudent, Sylvio"]
[Result "0-1"]
[WhiteElo "2197"]
[BlackElo "1650"]
[PlyCount "59"]
[EventDate "2017.??.??"]

1. e4 c5 2. Nc3 d6 3. f4 Nc6 4. Bb5 Bd7 5. Nf3 a6 6. Bxc6 Bxc6 7. d4 cxd4 8.
Qxd4 e6 9. Be3 Nf6 10. h3 d5 11. O-O-O Qa5 12. f5 dxe4 13. Ng5 Qxf5 14. Rhf1
Qg6 15. Ncxe4 Nxe4 16. Nxe4 Qxe4 17. Qb6 Be7 18. Rf4 Qe5 19. Rg4 Rd8 20. Rxd8+
Bxd8 21. Qb3 O-O 22. Bd2 Bd5 23. Qd3 g6 24. c4 Bc6 25. Bh6 Re8 26. Qd2 Ba5 27.
Qf2 f5 28. Rf4 Be1 29. Qb6 Bxg2 30. Qb3 0-1

[Event "Championnat de Martinique Fermé 2017"]
[Site "Le Lamentin"]
[Date "2017.05.21"]
[Round "11.3"]
[White "Suez-Panama, Gilles"]
[Black "Cesaire-Hierso, Florian"]
[Result "1-0"]
[WhiteElo "2041"]
[BlackElo "1777"]
[PlyCount "63"]
[EventDate "2017.??.??"]

1. d4 d5 2. Nf3 Nf6 3. c4 e6 4. Nc3 Nbd7 5. Bg5 Be7 6. e3 c5 7. Rc1 cxd4 8.
exd4 b6 9. Bd3 Bb7 10. O-O O-O 11. Qe2 Rc8 12. Ne5 Nxe5 13. dxe5 Nd7 14. Bxe7
Qxe7 15. Nb5 Nc5 16. Bb1 Ba8 17. Nd6 Rcd8 18. Rc3 g6 19. b4 Nb7 20. c5 Nxd6 21.
cxd6 Qh4 22. f4 Rd7 23. Rh3 Qd8 24. Rc1 f6 25. Rhc3 fxe5 26. Qxe5 Qe8 27. Rc8
Rd8 28. R1c7 Rf7 29. Rxd8 Qxd8 30. Qxe6 Qf6 31. Qxf6 Rxf6 32. d7 1-0

[Event "Championnat de Martinique Fermé 2017"]
[Site "Le Lamentin"]
[Date "2017.05.21"]
[Round "11.4"]
[White "Christophe-Hayot, Romain"]
[Black "Marbot, Raymond"]
[Result "1-0"]
[WhiteElo "1732"]
[BlackElo "1726"]
[PlyCount "23"]
[EventDate "2017.??.??"]

1. d4 Nf6 2. Nf3 e6 3. Bg5 Be7 4. Nc3 d5 5. Bxf6 Bxf6 6. e4 dxe4 7. Nxe4 Be7 8.
Bc4 O-O 9. h4 Nd7 10. Nfg5 Nf6 11. Qd3 c5 12. Nxf6+ {Ab} 1-0

[Event "Championnat de Martinique Fermé 2017"]
[Site "Le Lamentin"]
[Date "2017.05.21"]
[Round "11.5"]
[White "Grange, Julien"]
[Black "Evers, Shaman"]
[Result "1-0"]
[WhiteElo "1892"]
[BlackElo "1560"]
[PlyCount "147"]
[EventDate "2017.??.??"]

1. d4 d5 2. c4 dxc4 3. e3 c5 4. Bxc4 cxd4 5. Nf3 Nc6 6. Qb3 e6 7. O-O Na5 8.
Bb5+ Nc6 9. Nxd4 Nge7 10. Qa4 Bd7 11. Rd1 Qc7 12. Nc3 a6 13. Ne4 Rd8 14. Qc2
Nd5 15. Bxc6 Bxc6 16. a3 Bd6 17. Nxc6 bxc6 18. Nxd6+ Rxd6 19. e4 Ne7 20. Be3
Rxd1+ 21. Rxd1 O-O 22. Bc5 Re8 23. Qc4 a5 24. g3 h6 25. Kg2 Qb7 26. Qd4 Ng6 27.
h4 e5 28. Qd7 Rb8 29. b4 axb4 30. axb4 Qxd7 31. Rxd7 Rc8 32. Kf3 Nf8 33. Re7
Ne6 34. Kg4 Nxc5 35. bxc5 f6 36. Kf5 Kf8 37. Ke6 h5 38. Rd7 g5 39. Rh7 Kg8 40.
Rxh5 Kg7 41. hxg5 Kg6 42. gxf6 Kxh5 43. Kxe5 Kg5 44. f7 Rf8 45. Ke6 Kg6 46. f4
Rxf7 47. f5+ Kg7 48. e5 Ra7 49. g4 Ra5 50. Kd6 Ra4 51. g5 Rf4 52. f6+ Kg6 53.
Ke7 Kxg5 54. f7 Kg6 55. e6 Kg7 56. Ke8 Rf6 57. Ke7 Rf5 58. Kd7 Rf6 59. e7 Rxf7
60. Kd8 Rf8+ 61. exf8=Q+ Kxf8 62. Kd7 Kf7 63. Kxc6 Ke8 64. Kb7 Kd7 65. c6+ Kd8
66. c7+ Kd7 67. c8=Q+ Kd6 68. Qf5 Ke7 69. Qg6 Kd7 70. Qf6 Ke8 71. Qg7 Kd8 72.
Kc6 Ke8 73. Kd6 Kd8 74. Qg8# 1-0

[Event "Championnat de Martinique Fermé 2017"]
[Site "Le Lamentin"]
[Date "2017.05.21"]
[Round "11.6"]
[White "Alcindor, Samuel"]
[Black "Chancerel, Dominique"]
[Result "1-0"]
[WhiteElo "1434"]
[BlackElo "1815"]
[PlyCount "67"]
[EventDate "2017.??.??"]

1. e4 d6 2. d4 Nf6 3. Nc3 g6 4. Bf4 Bg7 5. Bd3 a6 6. Nge2 Nc6 7. Qd2 h5 8. f3
b5 9. a3 Bb7 10. d5 Ne5 11. Nd4 Nfd7 12. Na2 Nxd3+ 13. Qxd3 Nc5 14. Qe3 Qd7 15.
Nb4 e6 16. Bg5 O-O 17. O-O-O Rfe8 18. Bh6 Bh8 19. dxe6 Nxe6 20. Nxe6 Qxe6 21.
h3 a5 22. Nd5 b4 23. Nxc7 Qa2 24. Nxe8 Bxb2+ 25. Kd2 Bc3+ 26. Ke2 Qxc2+ 27. Rd2
Ba6+ 28. Kf2 Bxd2 29. Nf6+ Kh8 30. Qxd2 Qxd2+ 31. Bxd2 bxa3 32. Ra1 Kg7 33. Nd5
Bc4 34. Nb6 1-0

[Event "Championnat de Martinique Fermé 2017"]
[Site "Le Lamentin"]
[Date "2017.05.21"]
[Round "5.6"]
[White "Evers, Shaman"]
[Black "Prudent, Sylvio"]
[Result "1-0"]
[WhiteElo "1560"]
[BlackElo "1650"]
[PlyCount "79"]
[EventDate "2017.??.??"]

1. e4 b6 2. d4 Bb7 3. Bd3 e6 4. Nf3 c5 5. Nc3 Nc6 6. Ne2 cxd4 7. Nexd4 Bc5 8.
Be3 Nf6 9. Nxc6 Bxc6 10. Bxc5 bxc5 11. Qe2 Qb6 12. b3 O-O 13. O-O Qb7 14. Ne5
d5 15. Nxc6 Qxc6 16. Rfe1 d4 17. Rac1 e5 18. f4 Nd7 19. Bb5 Qd6 20. Bxd7 Qxd7
21. fxe5 Rfe8 22. Qd3 Rxe5 23. c3 Rd8 24. Rcd1 Qe6 25. cxd4 Rxd4 26. Qb5 g6 27.
Rxd4 cxd4 28. Qd3 f5 29. Qxd4 Rxe4 30. Rxe4 fxe4 31. Qc4 Qxc4 32. bxc4 Kf7 33.
Kf2 Ke6 34. Ke3 Ke5 35. h4 a5 36. a4 h6 37. g4 h5 38. g5 Kd6 39. Kxe4 Kc5 40.
Ke5 1-0